[Event "Titled Tuesday intern op 30th Jul Late"]
[Site "Chess.com INT"]
[Date "2024.07.30"]
[Round "11"]
[White "Howell, David"]
[Black "Kalinin, Dmitry"]
[Result "1-0"]
[WhiteElo "2675"]
[BlackElo "2118"]
[PlyCount "103"]
[EventDate "2024.07.30"]
[EventType "swiss (blitz)"]
[EventRounds "11"]
[EventCountry "USA"]
[SourceTitle "EXT 2025"]
[Source "ChessBase"]
[SourceDate "2024.10.14"]
[SourceVersion "1"]
[SourceVersionDate "2024.10.14"]
[SourceQuality "1"]

1. e4 e6 2. Nc3 d5 3. d4 dxe4 4. Nxe4 Nd7 5. c3 Ngf6 6. Nxf6+ Nxf6 7. Nf3 Be7 8. Bd3 0-0 9. Qe2 b6 10. 0-0 Bb7 11. Bf4 c5 12. dxc5 bxc5 13. Rad1 Qb6 14. Ne5 Rad8 15. Bg3 Ba8 16. Rfe1 Qb7 17. f3 Qb6 18. Nc4 Qc6 19. Rd2 Rd5 20. Ne3 Rdd8 21. Red1 Nd5 22. Nxd5 Rxd5 23. Be4 Rxd2 24. Rxd2 Qb6 25. Bxa8 Rxa8 26. Rd7 Bf8 27. h3 Qa5 28. a3 Rc8 29. Kh2 c4 30. Qe4 Qb6 31. Rb7 Qc5 32. Qf4 f6 33. Qe4 Qc6 34. Qxc6 Rxc6 35. Bf2 a6 36. Kg1 Bc5 37. Bxc5 Rxc5 38. Kf2 Rb5 39. Rxb5 axb5 40. Ke3 e5 41. Ke4 Kf7 42. Kd5 Ke7 43. Kc5 Ke6 44. Kxb5 f5 45. Kxc4 e4 46. fxe4 f4 47. a4 g5 48. a5 h5 49. a6 Kd7 50. a7 g4 51. a8Q f3 52. Qd5+ 1-0

[Event "Titled Tuesday intern op 30th Jul Late"]
[Site "Chess.com INT"]
[Date "2024.07.30"]
[Round "8"]
[White "Kalinin, Dmitry"]
[Black "Janaszak, Dawid"]
[Result "1-0"]
[WhiteElo "2118"]
[BlackElo "2308"]
[PlyCount "51"]
[EventDate "2024.07.30"]
[EventType "swiss (blitz)"]
[EventRounds "11"]
[EventCountry "USA"]
[SourceTitle "EXT 2025"]
[Source "ChessBase"]
[SourceDate "2024.10.14"]
[SourceVersion "1"]
[SourceVersionDate "2024.10.14"]
[SourceQuality "1"]

1. d4 e6 2. c4 b6 3. Nc3 f5 4. Nf3 Bb7 5. Bf4 Bb4 6. Qc2 Nf6 7. a3 Bxc3+ 8. Qxc3 0-0 9. e3 Ne4 10. Qc2 d6 11. Be2 Nd7 12. 0-0 g5 13. Bg3 h5 14. h4 Nxg3 15. fxg3 g4 16. Ng5 Qf6 17. d5 exd5 18. Bd3 Qe5 19. Bxf5 Rxf5 20. Rxf5 Qxg3 21. Rf7 Nf8 22. Raf1 Qxe3+ 23. Kh1 Qe4 24. Nxe4 dxe4 25. Qc3 Ne6 26. Qf6 1-0

[Event "Chess.com Speed Play In"]
[Site "Chess.com INT"]
[Date "2024.06.27"]
[Round "9"]
[White "Kalinin, Dmitry"]
[Black "Jaiveer, Mahendru"]
[Result "0-1"]
[WhiteElo "2118"]
[BlackElo "2195"]
[PlyCount "102"]
[EventDate "2024.06.27"]
[EventType "swiss (blitz)"]
[EventRounds "11"]
[EventCountry "USA"]
[SourceTitle "CBM 220 Extra"]
[Source "ChessBase"]
[SourceDate "2024.07.31"]
[SourceVersion "1"]
[SourceVersionDate "2024.07.31"]
[SourceQuality "1"]

1. d4 e6 2. c4 Ne7 3. Nf3 g6 4. Nc3 Bg7 5. Bf4 b6 6. Qd2 Bb7 7. Bh6 Bxh6 8. Qxh6 Nf5 9. Qd2 d5 10. cxd5 exd5 11. e3 Nd7 12. Bd3 Nd6 13. h4 h5 14. Qc2 Qe7 15. Ng5 0-0-0 16. a4 a5 17. Nb5 Nxb5 18. axb5 Nf6 19. Ke2 Ne4 20. Rhc1 Nxg5 21. hxg5 Rd7 22. Qc3 Qxg5 23. b4 axb4 24. Qxb4 Qxg2 25. Rg1 Qh3 26. Ra7 Re8 27. Qc3 Rde7 28. Bc2 Qh2 29. Rg3 h4 30. Rf3 g5 31. Rxb7 Kxb7 32. Qc6+ Kb8 33. Bf5 Qd6 34. Qc3 c6 35. bxc6 Rc7 36. Bd7 Re7 37. Qb3 Rexd7 38. cxd7 Rxd7 39. Rf5 f6 40. Qb5 Qe6 41. Rf3 Kc7 42. Qa6 Rf7 43. Qa7+ Kc8 44. Qa8+ Kd7 45. Qb7+ Ke8 46. Qb8+ Ke7 47. Qc7+ Kf8 48. Qd8+ Kg7 49. Qb8 Qc6 50. Rf5 Qc2+ 51. Ke1 Qxf5 0-1

[Event "Chess.com Speed Play In"]
[Site "Chess.com INT"]
[Date "2024.06.27"]
[Round "4"]
[White "Kalinin, Dmitry"]
[Black "Viana, Valeria"]
[Result "1-0"]
[WhiteElo "2118"]
[BlackElo "1923"]
[PlyCount "111"]
[EventDate "2024.06.27"]
[EventType "swiss (blitz)"]
[EventRounds "11"]
[EventCountry "USA"]
[SourceTitle "CBM 220 Extra"]
[Source "ChessBase"]
[SourceDate "2024.07.31"]
[SourceVersion "1"]
[SourceVersionDate "2024.07.31"]
[SourceQuality "1"]

1. d4 Nf6 2. c4 e6 3. Nc3 Bb4 4. Qc2 0-0 5. Nf3 b6 6. a3 Bxc3+ 7. Qxc3 c5 8. e3 Bb7 9. Be2 Re8 10. 0-0 d6 11. b3 Nbd7 12. Bb2 Qc7 13. b4 Rac8 14. dxc5 bxc5 15. b5 d5 16. a4 e5 17. cxd5 Nxd5 18. Qc4 N5f6 19. Rfc1 Bd5 20. Qh4 Qd6 21. Nd2 Nb6 22. Nc4 Nxc4 23. Bxc4 Bxc4 24. Qxc4 Red8 25. h3 Qe7 26. Rd1 h6 27. Ba3 Nd7 28. a5 Qf6 29. Rd5 Qe6 30. Rad1 Qe7 31. Bxc5 Nxc5 32. Rxd8+ Rxd8 33. Rxd8+ Qxd8 34. Qxc5 Qxa5 35. Qxe5 Kf8 36. Qf5 Qb6 37. Kh2 Ke7 38. g3 g6 39. Qe5+ Kd7 40. Qd5+ Kc7 41. Qxf7+ Kb8 42. Qe8+ Kb7 43. Qd7+ Kb8 44. h4 h5 45. Qe8+ Kb7 46. Qd7+ Kb8 47. Qd5 Kc7 48. Qf7+ Kb8 49. Qe8+ Kb7 50. Kg2 Qf6 51. e4 Kb6 52. e5 Qf5 53. Qc6+ Ka5 54. e6 Qxb5 55. Qxb5+ Kxb5 56. e7 1-0

[Event "Chess.com Speed Play In"]
[Site "Chess.com INT"]
[Date "2024.06.27"]
[Round "8"]
[White "Ljukin, Sergei"]
[Black "Kalinin, Dmitry"]
[Result "0-1"]
[WhiteElo "2362"]
[BlackElo "2118"]
[PlyCount "52"]
[EventDate "2024.06.27"]
[EventType "swiss (blitz)"]
[EventRounds "11"]
[EventCountry "USA"]
[SourceTitle "CBM 220 Extra"]
[Source "ChessBase"]
[SourceDate "2024.07.31"]
[SourceVersion "1"]
[SourceVersionDate "2024.07.31"]
[SourceQuality "1"]

1. e4 e6 2. d4 d5 3. Nc3 dxe4 4. Nxe4 Nd7 5. Nf3 Ngf6 6. Bg5 Be7 7. Nxf6+ Bxf6 8. h4 h6 9. Be3 c5 10. dxc5 Bxb2 11. Rb1 Bc3+ 12. Bd2 Bxd2+ 13. Qxd2 Nxc5 14. Qc3 Ne4 15. Bb5+ Bd7 16. Bxd7+ Qxd7 17. Qxg7 0-0-0 18. 0-0 f5 19. Qe5 Qd5 20. Qb2 Rhg8 21. Rbd1 Qxd1 22. Rxd1 Rxd1+ 23. Kh2 Nxf2 24. Qc3+ Kb8 25. Qe5+ Ka8 26. Qxe6 Rh1# 0-1

[Event "Chess.com Speed Play In"]
[Site "Chess.com INT"]
[Date "2024.06.27"]
[Round "7"]
[White "Winkels, Marcel"]
[Black "Kalinin, Dmitry"]
[Result "0-1"]
[WhiteElo "1924"]
[BlackElo "2118"]
[PlyCount "54"]
[EventDate "2024.06.27"]
[EventType "swiss (blitz)"]
[EventRounds "11"]
[EventCountry "USA"]
[SourceTitle "CBM 220 Extra"]
[Source "ChessBase"]
[SourceDate "2024.07.31"]
[SourceVersion "1"]
[SourceVersionDate "2024.07.31"]
[SourceQuality "1"]

1. d4 e6 2. Nc3 d5 3. Bf4 Bd6 4. e3 c5 5. Nf3 a6 6. Ne5 Qc7 7. dxc5 Bxe5 8. Bxe5 Qxe5 9. Bd3 Nd7 10. Na4 Ngf6 11. 0-0 Ne4 12. b4 Nc3 13. Nxc3 Qxc3 14. a3 Ne5 15. Be2 Bd7 16. Kh1 Bb5 17. f4 Bxe2 18. Qxe2 Nc4 19. e4 0-0 20. f5 dxe4 21. f6 gxf6 22. Qg4+ Kh8 23. Qh4 f5 24. Rad1 Ne3 25. Qg3 Nxd1 26. Rxd1 Qxg3 27. hxg3 Rad8 0-1

[Event "Titled Tuesday intern op 18th Jun Late"]
[Site "Chess.com INT"]
[Date "2024.06.18"]
[Round "7"]
[White "Gomez Barrera, Javiera Belen"]
[Black "Kalinin, Dmitry"]
[Result "1-0"]
[WhiteElo "2209"]
[BlackElo "2118"]
[PlyCount "69"]
[EventDate "2024.06.18"]
[EventType "swiss (blitz)"]
[EventRounds "11"]
[EventCountry "USA"]
[SourceTitle "EXT 2025"]
[Source "ChessBase"]
[SourceDate "2024.10.14"]
[SourceVersion "1"]
[SourceVersionDate "2024.10.14"]
[SourceQuality "1"]

1. e4 e6 2. d4 d5 3. Nc3 dxe4 4. Nxe4 Nd7 5. Bd3 Ngf6 6. Qe2 Nxe4 7. Bxe4 Be7 8. Nf3 0-0 9. h4 Nf6 10. Bd3 b6 11. Bd2 Bb7 12. 0-0-0 a5 13. h5 a4 14. a3 Bxf3 15. Qxf3 Qxd4 16. h6 g6 17. Bc3 Qd5 18. Qf4 Nd7 19. Kb1 Bd6 20. Qh4 Qxg2 21. Be4 g5 22. Bxg2 gxh4 23. Bxa8 Rxa8 24. Rdg1+ Kf8 25. Rg7 Ke7 26. Rxh4 e5 27. Rxh7 Nf6 28. Rg7 Ke6 29. h7 Rh8 30. f4 Bf8 31. Rg5 Rxh7 32. Rxe5+ Kd7 33. Rxh7 Nxh7 34. Rf5 Ke8 35. Rh5 1-0

[Event "Titled Tuesday intern op 18th Jun Late"]
[Site "Chess.com INT"]
[Date "2024.06.18"]
[Round "9"]
[White "Kalinin, Dmitry"]
[Black "Coe, William R"]
[Result "1-0"]
[WhiteElo "2118"]
[BlackElo "2078"]
[PlyCount "35"]
[EventDate "2024.06.18"]
[EventType "swiss (blitz)"]
[EventRounds "11"]
[EventCountry "USA"]
[SourceTitle "EXT 2025"]
[Source "ChessBase"]
[SourceDate "2024.10.14"]
[SourceVersion "1"]
[SourceVersionDate "2024.10.14"]
[SourceQuality "1"]

1. d4 d5 2. c4 e6 3. Nc3 Be7 4. Bf4 Nf6 5. e3 0-0 6. Nf3 b6 7. cxd5 Nxd5 8. Nxd5 exd5 9. Bd3 Ba6 10. 0-0 Bxd3 11. Qxd3 Bd6 12. Rac1 Bxf4 13. exf4 c6 14. Ne5 Qd6 15. Rc3 Rd8 16. Rfc1 Rc8 17. Nxf7 Kxf7 18. Qf5+ 1-0

[Event "Titled Tuesday intern op 18th Jun Late"]
[Site "Chess.com INT"]
[Date "2024.06.18"]
[Round "5"]
[White "Kalinin, Dmitry"]
[Black "Vargas Benavides, Mauricio"]
[Result "1-0"]
[WhiteElo "2118"]
[BlackElo "2000"]
[PlyCount "75"]
[EventDate "2024.06.18"]
[EventType "swiss (blitz)"]
[EventRounds "11"]
[EventCountry "USA"]
[SourceTitle "EXT 2025"]
[Source "ChessBase"]
[SourceDate "2024.10.14"]
[SourceVersion "1"]
[SourceVersionDate "2024.10.14"]
[SourceQuality "1"]

1. d3 e5 2. Nf3 Nc6 3. e4 d6 4. Be2 f5 5. 0-0 Nf6 6. Nc3 g6 7. Re1 Bg7 8. Bf1 0-0 9. Nd5 h6 10. c3 Nxd5 11. exd5 Ne7 12. Qb3 g5 13. g3 f4 14. Nd2 Qe8 15. Ne4 fxg3 16. hxg3 Qh5 17. Bg2 Bh3 18. Be3 b6 19. Qd1 g4 20. Bh1 Nf5 21. Qd2 Rf7 22. a4 Raf8 23. Re2 Ne7 24. c4 Nf5 25. a5 Nxe3 26. Qxe3 Rf3 27. Qd2 Qf5 28. axb6 axb6 29. Ra7 Rf7 30. b4 Kh7 31. c5 Bf6 32. Nxd6 Qxd3 33. Qxd3+ Rxd3 34. Nxf7 Rd1+ 35. Kh2 Kg6 36. Rxc7 Bg5 37. Nxe5+ Kf6 38. Rf7# 1-0

[Event "Titled Tuesday intern op 28th May Late"]
[Site "Chess.com INT"]
[Date "2024.05.28"]
[Round "9"]
[White "Annaberdiyev, Babageldi"]
[Black "Kalinin, Dmitry"]
[Result "0-1"]
[WhiteElo "2208"]
[BlackElo "2118"]
[PlyCount "190"]
[EventDate "2024.05.28"]
[EventType "swiss (blitz)"]
[EventRounds "11"]
[EventCountry "USA"]
[SourceTitle "EXT 2025"]
[Source "ChessBase"]
[SourceDate "2024.10.14"]
[SourceVersion "1"]
[SourceVersionDate "2024.10.14"]
[SourceQuality "1"]

1. e4 e6 2. d4 d5 3. e5 c5 4. c3 Nc6 5. Nf3 Nge7 6. a3 Nf5 7. b4 cxd4 8. cxd4 Bd7 9. Bb2 Qb6 10. g4 Nfe7 11. Nc3 Na5 12. Nd2 Nac6 13. Na4 Qd8 14. Nc5 Rb8 15. Rc1 Ng6 16. Nf3 Be7 17. Nxd7 Qxd7 18. h4 h5 19. g5 Rc8 20. Qd2 Bd8 21. Bd3 Nge7 22. 0-0 g6 23. Rc2 0-0 24. Rfc1 Bb6 25. Kg2 Nb8 26. Ng1 Rxc2 27. Rxc2 Rc8 28. Ne2 Rxc2 29. Qxc2 Qc6 30. Qb3 Nd7 31. a4 a5 32. b5 Qc8 33. Ba3 Bd8 34. Bd6 Nf8 35. Qc3 Qxc3 36. Nxc3 Nc8 37. Bc5 Nd7 38. Ba3 Be7 39. Bb2 Ncb6 40. Bc2 Kf8 41. Kf3 Nc4 42. Bc1 Ndb6 43. Ke2 Bb4 44. Kd3 Ke7 45. Bb3 Ba3 46. Bxa3+ Nxa3 47. Nd1 Nac4 48. Ne3 Nb2+ 49. Kc2 N2xa4 50. f4 Kf8 51. Nd1 Ke7 52. Kb1 Nc4 53. Bxa4 Nd2+ 54. Kc2 Nf3 55. Kd3 Nxh4 56. Ke2 Nf5 57. Kd3 h4 58. Nf2 Kd8 59. b6 Ne7 60. Ng4 Nc8 61. Bd1 Nxb6 62. Nf2 Nc8 63. Kc3 b5 64. Be2 Na7 65. Kb3 Kc7 66. Bg4 Kb6 67. Nd1 a4+ 68. Ka3 Nc6 69. Ne3 Nxd4 70. Ng2 Kc5 71. Nxh4 Nc6 72. Nf3 Kc4 73. Nd2+ Kd3 74. Nf3 Ke4 75. Ne1 Kxf4 76. Be2 Nxe5 77. Bxb5 Kxg5 78. Kxa4 Kf4 79. Be8 f6 80. Nc2 g5 81. Nd4 Nf3 82. Nxe6+ Ke5 83. Nc5 g4 84. Bd7 g3 85. Bh3 Ng1 86. Bg2 f5 87. Nd3+ Kd4 88. Nf4 Ke3 89. Nxd5+ Kf2 90. Bh1 Ne2 91. Kb5 f4 92. Kc4 f3 93. Kd3 g2 94. Bxg2 fxg2 95. Nf4 Nxf4+ 0-1

[Event "Titled Tuesday intern op 28th May Late"]
[Site "Chess.com INT"]
[Date "2024.05.28"]
[Round "4"]
[White "Kalinin, Dmitry"]
[Black "Demina, Marya"]
[Result "1-0"]
[WhiteElo "2118"]
[BlackElo "1962"]
[PlyCount "95"]
[EventDate "2024.05.28"]
[EventType "swiss (blitz)"]
[EventRounds "11"]
[EventCountry "USA"]
[SourceTitle "EXT 2025"]
[Source "ChessBase"]
[SourceDate "2024.10.14"]
[SourceVersion "1"]
[SourceVersionDate "2024.10.14"]
[SourceQuality "1"]

1. g3 c5 2. Bg2 Nc6 3. Nf3 g6 4. 0-0 Bg7 5. d3 Nf6 6. Nc3 0-0 7. e4 d5 8. exd5 Nxd5 9. Bd2 Rb8 10. Re1 e5 11. Nxd5 Qxd5 12. Nxe5 Qd8 13. Nxc6 bxc6 14. Bc3 Qc7 15. Bxg7 Kxg7 16. Qd2 Kg8 17. Qc3 Qb6 18. b3 Be6 19. Re5 c4 20. dxc4 c5 21. Qe3 Bf5 22. Qxc5 Bxc2 23. Qxb6 Rxb6 24. Rc1 Bf5 25. c5 Ra6 26. Re2 Bd3 27. Rd2 Bf5 28. b4 Ra3 29. b5 Kg7 30. Rb2 h5 31. b6 axb6 32. cxb6 Rb8 33. h4 Ra4 34. Rc7 Be6 35. b7 Ra5 36. Rb6 Kh6 37. Rxe6 fxe6 38. Rc8 Rxb7 39. Bxb7 Rxa2 40. Be4 Re2 41. Bc2 Kg7 42. Kf1 Rd2 43. Ke1 Rd6 44. Ke2 Kf6 45. Rg8 Rc6 46. Rxg6+ Kf7 47. Bd3 Rd6 48. Rg5 1-0

[Event "Titled Tuesday intern op 28th May Late"]
[Site "Chess.com INT"]
[Date "2024.05.28"]
[Round "5"]
[White "Kalinin, Dmitry"]
[Black "Silva, Juliana Figueira Th"]
[Result "1-0"]
[WhiteElo "2118"]
[BlackElo "1960"]
[PlyCount "113"]
[EventDate "2024.05.28"]
[EventType "swiss (blitz)"]
[EventRounds "11"]
[EventCountry "USA"]
[SourceTitle "EXT 2025"]
[Source "ChessBase"]
[SourceDate "2024.10.14"]
[SourceVersion "1"]
[SourceVersionDate "2024.10.14"]
[SourceQuality "1"]

1. Nf3 Nf6 2. g3 g6 3. Bg2 Bg7 4. 0-0 0-0 5. d4 d5 6. c4 e6 7. Nc3 b6 8. Ne5 Bb7 9. cxd5 Nxd5 10. Nxd5 exd5 11. Nf3 Nd7 12. Bf4 Nf6 13. Rc1 Rc8 14. Qa4 a6 15. Ne5 b5 16. Qa3 Nd7 17. Bh3 f5 18. Nc6 Bxc6 19. Rxc6 Nb6 20. Qxa6 Bxd4 21. Qxb5 Qd7 22. Rxb6 c6 23. Rb7 Qe6 24. Qd3 c5 25. Bg2 Rfd8 26. e3 Bf6 27. Rd1 d4 28. Qb3 c4 29. Qb4 d3 30. Rb6 Qf7 31. Rd6 Rxd6 32. Bxd6 c3 33. bxc3 Bxc3 34. Qb3 Qxb3 35. axb3 d2 36. Bd5+ Kg7 37. Bc4 Ra8 38. Kf1 Rd8 39. Bf4 Ra8 40. Ke2 Kf6 41. e4 fxe4 42. Bxd2 Ra2 43. Ke1 Bxd2+ 44. Rxd2 Ra1+ 45. Ke2 Ke5 46. h4 Rc1 47. Rd5+ Ke6 48. Rd1+ Rxc4 49. bxc4 Ke5 50. Ke3 Ke6 51. Rd5 Ke7 52. Kxe4 Ke6 53. c5 Ke7 54. Rd6 Ke8 55. Ke5 Ke7 56. c6 Ke8 57. Rd7 1-0